| 000 | 00415 a2200157 4500 | ||
|---|---|---|---|
| 003 | OSt | ||
| 005 | 20231207150758.0 | ||
| 008 | 231207b |||||||| |||| 00| 0 eng d | ||
| 020 | _a9788190852760 | ||
| 040 | _coclc | ||
| 082 |
_a954.83 _bNAR/G |
||
| 245 | _aGanitha Keralam / | ||
| 260 |
_aCalicut: _bIndia books, _c2021. |
||
| 300 | _a96p | ||
| 942 |
_2ddc _cBK _h954.83 _iNAR/G _k954.83 _mNAR/G |
||
| 999 |
_c43727 _d43727 |
||